000 00212 a2200097 4500
001 14697
100 _aHusaini, S.A.Q
245 _aArab administration
260 _aLahore
_bSh M Ashraf
_c
090 _c11482
_d11482
942 _aNUST-CAE
_cM
_c1650
999 _c249770
_d249770